Horror Movies of 2024 - Statistics

General Stats
  • This quiz has been taken 26 times
  • The average score is 18 of 165
Answer Stats
Hint Answer % Correct
September 19th, 2024 The Substance
85%
October 4th, 2024 V/H/S/Beyond
85%
December 25th, 2024 Nosferatu
70%
April 18th, 2024 Abigail
55%
October 17th, 2024 Smile 2
55%
August 16th, 2024 Alien: Romulus
50%
July 11th, 2024 Long Legs
50%
October 10th, 2024 Terrifier 3
50%
June 27th, 2024 A Quiet Place: Day One
45%
March 7th, 2024 Imaginary
45%
January 4th, 2024 Night Swim
45%
May 17th, 2024 The Strangers: Chapter 1
45%
July 11th, 2024 MaXXXine
40%
November 21st, 2024 Heretic
35%
March 21st, 2024 Immaculate
35%
October 26th, 2024 Lisa Frankenstein
35%
June 14th, 2024 | May 2nd, 2024 Tarot
35%
April 4th, 2024 The First Omen
35%
August 1st, 2024 Trap
35%
June 6th, 2024 The Watchers
30%
August 29th, 2024 Afraid
25%
September 5th, 2024 Beetlejuice Beetlejuice
25%
February 16th, 2024 Cuckoo
25%
January 22nd, 2024 In A Violent Nature
25%
April 27th, 2024 Infested
25%
April 11th, 2024 Late Night with The Devil
25%
September 26th, 2024 Never Let Go
25%
March 10th, 2024 Oddity
25%
July 11th, 2024 Sting
25%
August 22nd, 2024 Strange Darling
25%
October 4th, 2024 The Platform 2
25%
March 9th, 2024 Y2K
25%
February 27th, 2024 Azrael
20%
August 22nd, 2024 Blink Twice
20%
January 18th, 2024 I Saw the TV Glow
20%
October 4th, 2024 It's What's Inside
20%
October 30th, 2024 Time Cut
20%
June 5th, 2024 Under Paris
20%
March 26th, 2024 Winnie-the-Pooh: Blood and Honey 2
20%
July 20th, 2024 Arcadian
15%
October 10th, 2024 Caddo Lake
15%
October 11th, 2024 Daddy’s Head
15%
October 25th, 2024 Don't Move
15%
October 18th, 2024 MadS
15%
October 3rd, 2024 'Salem's Lot
15%
August 22nd, 2024 The Crow
15%
June 6th, 2024 The Exorcism
15%
September 5th, 2024 The Front Room
15%
September 28th, 2024 Apartment 7A
10%
March 14th, 2024 Exhuma
10%
October 3rd, 2024 Hold Your Breath
10%
July 10th, 2024 Humane
10%
June 21st, 2024 Kinds of Kindness
10%
October 10th, 2024 Mr. Crocket
10%
September 7th, 2024 Nightbitch
10%
January 19th, 2024 Presence
10%
February 23rd, 2024 Stopmotion
10%
August 8th, 2024 Stream
10%
August 30th, 2024 The Deliverance
10%
November 28th, 2024 Your Monster
10%
October 24th, 2024 A Different Man
5%
August 2nd, 2024 #AMFAD: All My Friends Are Dead
5%
November 8th, 2024 Black Cab
5%
October 21st, 2024 Carved
5%
April 5th, 2024 Festival of the Living Dead
5%
September 20th, 2024 Get Away
5%
March 21st, 2024 Ghostbusters: Frozen Empire
5%
February 20th, 2024 Little Bites
5%
April 11th, 2024 Lowlifes
5%
June 4th, 2024 No Way Up
5%
July 20th, 2024 Shelby Oaks
5%
June 21st, 2024 Something in the Water
5%
July 12th, 2024 The Inheritance
5%
August 6th, 2024 The Mouse Trap
5%
May 20th, 2024 The Shrouds
5%
July 11th, 2024 Twisters
5%
December 5th, 2025 Werewolves
5%
October 15th, 2024 9 Windows
0%
January 18th, 2024 A Cold Grave
0%
October 29th, 2024 Amityville: Where the Echo Lives
0%
October 6th, 2024 A Mother’s Embrace
0%
November 8th, 2024 Anatema
0%
May 22nd, 2024 Animale
0%
October 31st, 2024 Apocalypse Z: The Beginning of the End
0%
August 23rd, 2024 Bagman
0%
May 1st, 2024 Bantay-Bahay
0%
November 1st, 2024 Bhool Bhulaiyaa 3
0%
February 9th, 2024 Bhootpori
0%
June 21st, 2024 Blackwater Lane
0%
April 26th, 2024 Bloodline Killer
0%
December 27th, 2024 Bloody Axe Wound
0%
August 25th, 2024 Bogieville
0%
February 27th, 2024 Camp Pleasant Lake
0%
May 4th, 2024 Carnage for Christmas
0%
August 30th, 2024 Cloud
0%
August 16th, 2024 Criscent City
0%
January 10th, 2024 Cult Killer
0%
April 4th, 2024 Dancing Village: The Curse Begins
0%
February 20th, 2024 DarkGame
0%
March 9th, 2024 Dead Mail
0%
July 26th, 2024 Dead Sea
0%
January 12th, 2024 Destroy All Neighbors
0%
September 21st, 2024 Die Alone
0%
October 31st, 2024 Director’s Cut
0%
May 15th, 2024 Do Not Enter
0%
May 14th, 2024 Drained
0%
November 8th, 2024 Elevation
0%
September 12th, 2024 Espantaho
0%
March 28th, 2024 Godzilla x Kong: The New Empire
0%
September 16th, 2024 Grave Torture
0%
January 20th, 2024 Handling the Undead
0%
October 4th, 2024 Haunt Season
0%
May 31st, 2024 Haze
0%
September 27th, 2024 Hellboy: The Crooked Man
0%
October 3rd, 2024 House of Spoils
0%
June 6th, 2024 I Don’t Understand You
0%
July 3rd, 2024 Kuman Thong
0%
September 6th, 2024 Last Stop: Rocafort St.
0%
May 10th, 2024 Lazareth
0%
July 12th, 2024 Lumina
0%
October 4th, 2024 Monster Summer
0%
June 7th, 2024 Muniya
0%
January 8th, 2024 My Zombabe
0%
October 31st, 2024 Nokturno
0%
October 4th, 2024 Operation Blood Hunt
0%
June 21st, 2024 Outbreak
0%
October 17th, 2024 Outside
0%
March 20th, 2024 Pagpag 24/7
0%
January 18th, 2024 Rambut Kafan
0%
October 6th, 2024 Rich Flu
0%
July 18th, 2024 Rita
0%
May 18th, 2024 Rumours
0%
September 12th, 2024 See No Evil
0%
October 11th, 2024 Seven Cemeteries
0%
March 8th, 2024 Shaitaan
0%
September 12th, 2024 Shell
0%
February 23rd, 2024 Silence of the Prey
0%
January 24th, 2024 Skeletons in the Closet
0%
March 22nd, 2024 Slay
0%
September 26th, 2024 Solvent
0%
October 4th, 2024 Spin the Bottle
0%
August 15th, 2024 Stree 2
0%
October 2nd, 2024 Sunrise
0%
September 7th, 2024 The American Backyard
0%
July 26th, 2024 The Beast Within
0%
January 28th, 2024 The Cursed Land
0%
September 27th, 2024 The Curse of the Necklace
0%
May 16th, 2024 The Damned
0%
March 7th, 2024 The Deserving
0%
October 17th, 2024 The Gatekeeper
0%
October 19th, 2024 The Gatekeeping
0%
July 26th, 2024 The Girl in the Pool
0%
February 14th, 2024 The Immortal Witch
0%
January 11th, 2024 The Jack in the Box Rises
0%
June 12th, 2024 The Last Breath
0%
October 31st, 2024 The Moogai
0%
March 14th, 2024 The Night of the Cursed Reatrei
0%
August 20th, 2024 The Radleys
0%
January 30th, 2024 There Is a Monster
0%
March 20th, 2024 The Rule of Jenny Pen
0%
September 25th, 2024 The Wailing
0%
March 11th, 2024 Things Will Be Different
0%
July 26th, 2024 Witchboard
0%
August 15th, 2024 Z-Mom
0%
No matching quizzes found
Score Distribution
Percent of People with Each Score
Percentile by Number Answered
Your Score History
You have not taken this quiz